000 00322nam a22001337a 4500
008 180905b xxu||||| |||| 00| 0 eng d
020 _a9780072831061
041 _aeng
080 _a510
100 _a37
101 _aMAT
245 _aInter Mediate Algebra A real World Approach
_cBello.i
942 _2udc
_cBK
999 _c47530
_d47530